| 000 | 00709nam a2200205Ii 4500 | ||
|---|---|---|---|
| 003 | JO-AjNU | ||
| 008 | 230605s9999||||xx |||||||||||||| ||und|| | ||
| 017 | _a4103 | ||
| 040 |
_aJO-AjNU _bara _erda _cJO-AjNU |
||
| 041 | _aara | ||
| 050 | 1 | 4 | _aZ696.A27 1978 |
| 100 | 3 |
_aابو النور ،عبدالوهاب عبد السلام , _eauthor _97997 |
|
| 245 | 0 | 0 | _aالخطة العربية للتصنيف بين مؤتمرين الرياض-بغداد |
| 264 | 3 | 1 | _aالرياض :دار العلوم ،1978 |
| 300 | _a646ص | ||
| 336 |
_atext _btxt _2rdacontent |
||
| 337 |
_aunmediated _bn _2rdamedia |
||
| 338 |
_avolume _bnc _2rdacarrier |
||
| 650 | 4 |
_aالتصنيف العشري-ترتيب الكتب _97998 |
|
| 999 |
_aA562 _c4130 _d4130 |
||